<?xml version="1.0" encoding="UTF-8"?>
<collection xmlns="http://www.loc.gov/MARC21/slim">
 <record>
  <leader>02771cam a2200421 c 4500</leader>
  <controlfield tag="001">1136844449</controlfield>
  <controlfield tag="003">DE-627</controlfield>
  <controlfield tag="005">20250814135149.0</controlfield>
  <controlfield tag="007">tu</controlfield>
  <controlfield tag="008">980706s1902    xx |||||      00| ||ger c</controlfield>
  <datafield tag="035" ind1=" " ind2=" ">
   <subfield code="a">(DE-627)1136844449</subfield>
  </datafield>
  <datafield tag="035" ind1=" " ind2=" ">
   <subfield code="a">(DE-576)066844444</subfield>
  </datafield>
  <datafield tag="035" ind1=" " ind2=" ">
   <subfield code="a">(DE-599)BSZ066844444</subfield>
  </datafield>
  <datafield tag="035" ind1=" " ind2=" ">
   <subfield code="a">(OCoLC)603711369</subfield>
  </datafield>
  <datafield tag="035" ind1=" " ind2=" ">
   <subfield code="a">(OCoLC)07027684</subfield>
  </datafield>
  <datafield tag="035" ind1=" " ind2=" ">
   <subfield code="a">(OCoLC)603711369</subfield>
  </datafield>
  <datafield tag="035" ind1=" " ind2=" ">
   <subfield code="a">(DE-604)8071719679</subfield>
  </datafield>
  <datafield tag="040" ind1=" " ind2=" ">
   <subfield code="a">DE-627</subfield>
   <subfield code="b">ger</subfield>
   <subfield code="c">DE-627</subfield>
   <subfield code="e">rda</subfield>
  </datafield>
  <datafield tag="041" ind1=" " ind2=" ">
   <subfield code="a">ger</subfield>
  </datafield>
  <datafield tag="082" ind1="0" ind2=" ">
   <subfield code="a">706</subfield>
  </datafield>
  <datafield tag="084" ind1=" " ind2=" ">
   <subfield code="a">LI 27505</subfield>
   <subfield code="2">rvk</subfield>
   <subfield code="0">(DE-625)rvk/95916:13283</subfield>
  </datafield>
  <datafield tag="084" ind1=" " ind2=" ">
   <subfield code="a">LI 27503</subfield>
   <subfield code="2">rvk</subfield>
   <subfield code="0">(DE-625)rvk/95916:13281</subfield>
  </datafield>
  <datafield tag="100" ind1="1" ind2=" ">
   <subfield code="a">Rapke, Karl</subfield>
   <subfield code="d">1867-</subfield>
   <subfield code="e">VerfasserIn</subfield>
   <subfield code="0">(DE-588)127892966</subfield>
   <subfield code="0">(DE-627)695675494</subfield>
   <subfield code="0">(DE-576)296736333</subfield>
   <subfield code="4">aut</subfield>
  </datafield>
  <datafield tag="245" ind1="1" ind2="4">
   <subfield code="a">Die Perspektive und Architektur auf den Dürer'schen Handzeichnungen, Holzschnitten, Kupferstichen und Gemälden</subfield>
   <subfield code="b">mit 10 Lichtdrucktafeln</subfield>
   <subfield code="c">von Dr. Karl Rapke</subfield>
  </datafield>
  <datafield tag="246" ind1="3" ind2="0">
   <subfield code="a">Dürerschen</subfield>
  </datafield>
  <datafield tag="264" ind1=" " ind2="1">
   <subfield code="a">Strassburg</subfield>
   <subfield code="b">J.H. Ed. Heitz</subfield>
   <subfield code="c">1902</subfield>
  </datafield>
  <datafield tag="300" ind1=" " ind2=" ">
   <subfield code="a">IV, 88 Seiten, 10 Blätter Tafeln</subfield>
   <subfield code="b">Illustrationen</subfield>
  </datafield>
  <datafield tag="336" ind1=" " ind2=" ">
   <subfield code="a">Text</subfield>
   <subfield code="b">txt</subfield>
   <subfield code="2">rdacontent</subfield>
  </datafield>
  <datafield tag="337" ind1=" " ind2=" ">
   <subfield code="a">ohne Hilfsmittel zu benutzen</subfield>
   <subfield code="b">n</subfield>
   <subfield code="2">rdamedia</subfield>
  </datafield>
  <datafield tag="338" ind1=" " ind2=" ">
   <subfield code="a">Band</subfield>
   <subfield code="b">nc</subfield>
   <subfield code="2">rdacarrier</subfield>
  </datafield>
  <datafield tag="490" ind1="1" ind2=" ">
   <subfield code="a">Studien zur deutschen Kunstgeschichte</subfield>
   <subfield code="v">39. Heft</subfield>
  </datafield>
  <datafield tag="700" ind1="1" ind2=" ">
   <subfield code="a">Dürer, Albrecht</subfield>
   <subfield code="d">1471-1528</subfield>
   <subfield code="e">IllustratorIn</subfield>
   <subfield code="0">(DE-588)11852786X</subfield>
   <subfield code="0">(DE-627)133817024</subfield>
   <subfield code="0">(DE-576)160794544</subfield>
   <subfield code="4">ill</subfield>
  </datafield>
  <datafield tag="776" ind1="0" ind2="8">
   <subfield code="i">Elektronische Reproduktion</subfield>
   <subfield code="a">Rapke, Karl, 1867 - </subfield>
   <subfield code="t">Die Perspektive und Architektur auf den Dürer'schen Handzeichnungen, Holzschnitten, Kupferstichen und Gemälden</subfield>
   <subfield code="d">Strassburg : J.H. Ed. Heitz, 1902</subfield>
   <subfield code="h">IV, 88 Seiten, 10 Blätter Tafeln</subfield>
   <subfield code="w">(DE-627)1933240385</subfield>
  </datafield>
  <datafield tag="830" ind1=" " ind2="0">
   <subfield code="a">Studien zur deutschen Kunstgeschichte</subfield>
   <subfield code="v">39. Heft</subfield>
   <subfield code="9">39</subfield>
   <subfield code="w">(DE-627)130126306</subfield>
   <subfield code="w">(DE-576)015660907</subfield>
   <subfield code="w">(DE-600)506994-4</subfield>
   <subfield code="x">0081-7228</subfield>
   <subfield code="7">am</subfield>
  </datafield>
  <datafield tag="936" ind1="r" ind2="v">
   <subfield code="a">LI 27505</subfield>
   <subfield code="b">Biografien, Werkdarstellungen, Gedenkreden und andere Gesamtwürdigungen (Sammelwerke, Festschriften etc.)</subfield>
   <subfield code="k">Kunstgeschichte</subfield>
   <subfield code="k">Künstler-Monografien</subfield>
   <subfield code="k">Alphabetische Künstlerliste</subfield>
   <subfield code="k">Künstler D</subfield>
   <subfield code="k">Dürer, Albrecht (bis 27510)</subfield>
   <subfield code="k">Biografien, Werkdarstellungen, Gedenkreden und andere Gesamtwürdigungen (Sammelwerke, Festschriften etc.)</subfield>
   <subfield code="0">(DE-627)1271003929</subfield>
   <subfield code="0">(DE-625)rvk/95916:13283</subfield>
   <subfield code="0">(DE-576)201003929</subfield>
  </datafield>
  <datafield tag="936" ind1="r" ind2="v">
   <subfield code="a">LI 27503</subfield>
   <subfield code="b">Abbildungswerke und Monographien zu einem Thema (sofern hierzu Werke des Künstlers aus zwei oder mehr Kunstgattungen - z.B. Plastik und Malerei - vorliegen)</subfield>
   <subfield code="k">Kunstgeschichte</subfield>
   <subfield code="k">Künstler-Monografien</subfield>
   <subfield code="k">Alphabetische Künstlerliste</subfield>
   <subfield code="k">Künstler D</subfield>
   <subfield code="k">Dürer, Albrecht (bis 27510)</subfield>
   <subfield code="k">Abbildungswerke und Monographien zu einem Thema (sofern hierzu Werke des Künstlers aus zwei oder mehr Kunstgattungen - z.B. Plastik und Malerei - vorliegen)</subfield>
   <subfield code="0">(DE-627)1271474522</subfield>
   <subfield code="0">(DE-625)rvk/95916:13281</subfield>
   <subfield code="0">(DE-576)201474522</subfield>
  </datafield>
  <datafield tag="951" ind1=" " ind2=" ">
   <subfield code="a">BO</subfield>
  </datafield>
  <datafield tag="999" ind1=" " ind2=" ">
   <subfield code="a">KXP-PPN1136844449</subfield>
   <subfield code="e">2930211334</subfield>
  </datafield>
 </record>
</collection>
